Legislativa pro zdravotně postižené a jejich integrace do společnosti : 7. celostátní seminář se zahraniční účastí
Record details
- Physical Description: 311 s. ; 21 cm
- Edition: Vyd. 1.
- Publisher: Praha : Sdružení zdravotně postižených v České republice, 1997
Content descriptions
| General Note: | Souběž. angl. text Část. přel. z růz. jazyků |
Search for related items by subject
| Subject: | zdravotně postižení právo sociální zabezpečení |
Available copies
- 1 of 1 copy available at Common Catalog SPOK.
Holds
- 0 current holds with 1 total copy.
Show Only Available Copies
| Location | Call Number / Copy Notes | Barcode | Shelving Location | Status | Due Date |
|---|---|---|---|---|---|
| Jabok Library | PeS-5.1/L | 424480005608 | Odborná literatura | Available | - |
| LDR | 01286nam a22003017a 4500 | ||
|---|---|---|---|
| 001 | 6189 | ||
| 003 | CZ-PrJAB | ||
| 005 | 20190401090834.0 | ||
| 007 | ta | ||
| 008 | 010220s1997 xr |||||r|||||||||||eng|d | ||
| 035 | . | ‡a(CZ PrCU)000198733 | |
| 040 | . | ‡aABD107 ‡bcze ‡cABD107 | |
| 041 | 1 | . | ‡aeng ‡acze |
| 072 | 7. | ‡a364 ‡xSociální problémy vyžadující podporu a pomoc. Sociální zabezpečení ‡2Konspekt ‡918 | |
| 111 | 2 | . | ‡aLegislativa pro zdravotně postižené a jejich integrace do společnosti ‡d(7 : 1997 : ‡cBenešov u Prahy, Česko) |
| 245 | 1 | 0. | ‡aLegislativa pro zdravotně postižené a jejich integrace do společnosti : ‡b7. celostátní seminář se zahraniční účastí |
| 246 | 1 | 1. | ‡aLegislation for disabled persons and their integration in to the community : ‡b7. National seminar with the foreign participation |
| 250 | . | ‡aVyd. 1. | |
| 260 | . | ‡aPraha : ‡bSdružení zdravotně postižených v České republice, ‡c1997 | |
| 300 | . | ‡a311 s. ; ‡c21 cm | |
| 500 | . | ‡aSouběž. angl. text | |
| 500 | . | ‡aČást. přel. z růz. jazyků | |
| 650 | 0 | 7. | ‡azdravotně postižení ‡7ph127575 ‡2czenas |
| 650 | 0 | 7. | ‡aprávo ‡7ph115914 ‡2czenas |
| 650 | 0 | 7. | ‡asociální zabezpečení ‡7ph116215 ‡2czenas |
| 653 | 0 | . | ‡atělesně postižení ‡azdravotně postižení ‡asociální pomoc ‡asociální služby ‡apostkomunistické země ‡aintegrace handicapovaných ‡aPOV - Pražská rganizace vozíčkářů ‡aosobní asistence ‡alegislativa ‡aAIDS ‡arodina |
| 910 | . | ‡aABG312 | |
| 995 | . | ‡aska | |
| 901 | . | ‡a6189 ‡bUnknown ‡c6189 ‡tbiblio | |